Investigación operativa: análisis de sistemas
Tallennettuna:
| Päätekijä: | |
|---|---|
| Aineistotyyppi: | Kirja |
| Kieli: | espanja |
| Julkaistu: |
Santiago
Universitaria
1982
|
| Aiheet: | |
| Tagit: |
Lisää tagi
Ei tageja, Lisää ensimmäinen tagi!
|
MARC
| LEADER | 00000nam a2200000 a 4500 | ||
|---|---|---|---|
| 001 | UCU3690 | ||
| 003 | CL-VaPUC | ||
| 008 | 960510e19820000CL |||||||||||||||||spa|d | ||
| 082 | 0 | 4 | |a 003 |b BAR |2 21 |
| 100 | 0 | |a Barros V., Oscar |e author |9 360786 | |
| 245 | 1 | 0 | |a Investigación operativa: análisis de sistemas |
| 300 | |a v | ||
| 942 | |c BK | ||
| 945 | |d 19960510 00:00:00 |a paguirre | ||
| 260 | |a Santiago |b Universitaria |c 1982 | ||
| 500 | |a v.2: Modelos | ||
| 650 | 0 | |a Investigación operativa |9 259383 | |
| 650 | 0 | |a Análisis de sistemas |9 260059 | |
| 650 | 7 | |a MODELOS DE INVENTARIO |2 CL-VaPUC |9 360787 | |
| 650 | 7 | |a METODOS DE SIMULACION |2 CL-VaPUC |9 260497 | |
| 583 | |a last modification |c 20150417 17:44:40 |k Rodrigo Vera | ||
| 999 | |c 247614 |d 247612 | ||
| 952 | |0 0 |1 0 |4 0 |6 003_000000000000000_BAR_1982 |7 0 |8 A |9 263654 |a BIBALI |b BIBALI |c GEN |d 2019-11-19 |h v.2 |i 1959166 |o 003 BAR 1982 |p 1959166 |r 2025-01-20 |w 2019-11-19 |y BK |k ALI | ||
| 952 | |0 0 |1 0 |4 0 |6 003_000000000000000_BAR_1982 |7 0 |8 A |9 263655 |a BIBALI |b BIBALI |c GEN |d 2019-11-19 |h v.2 |i 1959174 |o 003 BAR 1982 |p 1959174 |r 2025-01-20 |w 2019-11-19 |y BK |k ALI | ||
| 952 | |0 0 |1 0 |4 0 |6 003_000000000000000_BAR_1982 |7 0 |8 A |9 263656 |a BIBALI |b BIBALI |c GEN |d 2019-11-19 |i 3437914 |o 003 BAR 1982 |p 3437914 |r 2025-01-20 |w 2019-11-19 |y BK |k ALI | ||